LEADER 02011oam 2200601 450 001 9910715489203321 005 20210421092619.0 035 $a(CKB)5470000002511149 035 $a(OCoLC)1242237095 035 $a(EXLCZ)995470000002511149 100 $a20210318d1991 ua 0 101 0 $aeng 135 $aur||||||||||| 181 $ctxt$2rdacontent 182 $cc$2rdamedia 183 $acr$2rdacarrier 200 12$aA catalog of the Coleoptera of America north of Mexico $efamily: Byturidae /$fby Charles A. Springer, Michael A. Goodrich ; prepared by Agricultural Research Service 210 1$a[Washington, D.C.] :$cThe Service,$d1991. 215 $a1 online resource (x, 5 pages) $cmap 225 1 $aAgriculture handbook ;$vno. 529-103 300 $a"October 1991." 320 $aIncludes bibliographical references and index. 517 $aCatalog of the Coleoptera of America north of Mexico 606 $aByturidae$vHandbooks, manuals, etc 606 $aBeetles$zNorth America$vClassification 606 $aBeetles$zNorth America$xGeographical distribution 606 $aBeetles$2fast 606 $aBeetles$xGeographical distribution$2fast 606 $aByturidae$2fast 607 $aNorth America$2fast 608 $aClassification.$2fast 608 $aHandbooks and manuals.$2fast 608 $aHandbooks and manuals.$2lcgft 615 0$aByturidae 615 0$aBeetles 615 0$aBeetles$xGeographical distribution. 615 7$aBeetles. 615 7$aBeetles$xGeographical distribution. 615 7$aByturidae. 700 $aSpringer$b Charles A.$020630 702 $aGoodrich$b Michael A. 712 02$aUnited States.$bAgricultural Research Service. 801 0$bGPO 801 1$bGPO 801 2$bOCLCO 801 2$bWAU 801 2$bOCLCF 801 2$bOCLCO 801 2$bGPO 906 $aBOOK 912 $a9910715489203321 996 $aA catalog of the Coleoptera of America north of Mexico$93482437 997 $aUNINA